El cuidado de la tierra: mujer, ambiente y cambio climt̀ico

Bibliographic Details
Main Author: Güiza Sur̀ez, Leonardo
Format: eBook
Language:Spanish
Published: Bogot:̀ Editorial Universidad de Rosario (Colombia), 2016
Subjects:
Online Access:Acceso restringido

MARC

LEADER 00000nam a22000007a 4500
005 2017100909299.0
007 cr|||| ||||
008 171009s2016 ck |||||s|||| 00||0 spa d
020 |a 978-958-738-796-4 
035 |a 20718 
040 |a vLex 
090 |c 7095  |d 7095 
100 1 |a Güiza Sur̀ez, Leonardo 
245 1 2 |a El cuidado de la tierra: mujer, ambiente y cambio climt̀ico  |h [Recurso electrn̤ico] /  |c Leonardo Güiza Sur̀ez  
256 |a Recurso en ln̕ea 
260 |a Bogot:̀  |b Editorial Universidad de Rosario (Colombia),  |c 2016 
300 |a 1 recurso electrn̤ico 
500 |a En temas ambientales se ha reconocido abiertamente desde hace varias dčadas que las mujeres juegan un rol determinante para el desarrollo sostenible y para el uso y aprovechamiento razonable de los recursos naturales con el fin de garantizarlos para las generaciones futuras. Su ťica del cuidado, su conciencia sobre la finitud de los recursos, su transmisin̤ de conocimientos a sus hijos, la sensibilidad e instinto de conservacin̤, entre otros, constituyen los aspectos fundamentales que caracterizan y diferencian el papel que desempeąn las mujeres en la proteccin̤ de la naturaleza y en la construccin̤ de un movimiento ambientalista global. Los grandes retos ambientales del siglo XXI —como la contaminacin̤ de fuentes hd̕ricas, la desertificacin̤, la deforestacin̤, el cambio climt̀ico y la přdida de biodiversidad— exigen respuestas inmediatas por parte de los Estados, las empresas y las comunidades con un enfoque de gňero. En ese sentido, esta obra contribuye a este debate a travš de tres ejes estructurales de la igualdad de gňero: el abordaje ter̤ico-discursivo; el abordaje temt̀ico sobre los grandes debates actuales ambientales y la aproximacin̤ casus̕tica a partir de experiencias reales en municipios de Colombia y de la reconstruccin̤ de relatos de mujeres en la conservacin̤ del ambiente. 
506 1 |a Disponible solo en los productos indicados  |d vLex Global  |d vLex Global (Academic Edition, excluding Law Schools)  |d vLex Global (U.S. Academic Edition, Law Schools)  |d vLex Global (U.S. Academic Edition, excluding Law Schools)  |d vLex Global (Academic Edition, Law Schools) 
650 0 4 |a Derecho ambiental  |z Colombia 
740 0 |a vLex Libros (Servicio en ln̕ea) 
856 4 0 |u http://vlex.com/source/cuidado-de-la-tierra-mujer-ambiente-y-cambio-climatico-20718  |z Acceso restringido 
942 |c BOOK 
999 0 |a Environmental law